书目信息 |
| 题名: |
第一次做高级秘书
|
|
| 作者: | 孙秀丽 编著 | |
| 分册: | ||
| 出版信息: | 北京 中国经济出版社 2003.01 |
|
| 页数: | 394页 | |
| 开本: | 20cm | |
| 丛书名: | 第一次做管理者丛书 | |
| 单 册: | ||
| 中图分类: | C931.46 | |
| 科图分类: | ||
| 主题词: | 秘书学 | |
| 电子资源: | ||
| ISBN: | 7-5017-5845-X | |
| 000 | 01082nam 22002777 450 | |
| 001 | 192004004190 | |
| 005 | 20070905150705.65 | |
| 010 | @a7-5017-5845-X@dCNY29.00 | |
| 100 | @a20070602d2003 ekmy0chiy0121 ea | |
| 101 | 0 | @achi |
| 102 | @aCN@b110000 | |
| 105 | @ay z 000yy | |
| 200 | 1 | @a第一次做高级秘书@Adi yi ci zuo gao ji bi shu@d= First time to be senior seretary@f孙秀丽等编著@zeng |
| 210 | @a北京@c中国经济出版社@d2003.01 | |
| 215 | @a394页@d20cm | |
| 225 | 2 | @a第一次做管理者丛书@Adi yi ci zuo guan li zhe cong shu@f主编齐善鸿 |
| 300 | @a并列题名:First time to be senior seretary | |
| 300 | @a故事版 | |
| 330 | @a本书作者将高级秘书的主要工作与实际案例相结合,以主人公王琳一年的高级秘书经历为依托,通过对王琳在第一次做高级秘书过程中的错与对、得与失的剖析,以写实手法展现了第一次做高级秘书可有遇到的困难,并给出了相应的解决方法。 | |
| 410 | 0 | @12001 @a第一次做管理者丛书 |
| 510 | 1 | @aFirst time to be senior seretary@zeng |
| 606 | 0 | @a秘书学 |
| 690 | @aC931.46@v4 | |
| 701 | 0 | @a孙秀丽@Asun xiu li@4编著 |
| 801 | 0 | @aCN@c20070905 |
| 905 | @dC931.46@eS963 | |
| 第一次做高级秘书= First time to be senior seretary/孙秀丽等编著.-北京:中国经济出版社,2003.01 |
| 394页;20cm.-(第一次做管理者丛书/主编齐善鸿) |
| 并列题名:First time to be senior seretary.-故事版 |
| ISBN 7-5017-5845-X:CNY29.00 |
| 本书作者将高级秘书的主要工作与实际案例相结合,以主人公王琳一年的高级秘书经历为依托,通过对王琳在第一次做高级秘书过程中的错与对、得与失的剖析,以写实手法展现了第一次做高级秘书可有遇到的困难,并给出了相应的解决方法。 |
| ● |
| 相关链接 |
|
|
|
正题名:第一次做高级秘书
索取号:C931.46/S963
 
预约/预借
| 序号 | 登录号 | 条形码 | 馆藏地/架位号 | 状态 | 备注 |
| 1 | 625659 | 206256594 | 社科库509/509社科库 64排8列2层/ [索取号:C931.46/S963] | 在馆 | |
| 2 | 625660 | 206256601 | 社科库509/509社科库 64排8列2层/ [索取号:C931.46/S963] | 在馆 |